000 00663nam a22001931a 4500
001 1952
003 OSt
005 20260204211754.0
008 040122s2002||||dr ||||||b||||||||||spa||
050 _aRD 303.33 C697c
082 _aRD 303.33 C697c
100 _aCollado, Fautino
245 _aControl social de la gestión pública por las organizaciones de la sociedad civil dominicna lesgilación y propuesta / Faustino Collado
264 _aSanto Domingo : INTEC, BID
300 _a52 p.
490 _aColección Sociedad Civil. Serie Documentos de Trabajo 7
650 _a1.Control Social 2.Sociedad Civil 3.Corrupción AdministrativaÌ
942 _2ddc
_cBK
999 _c1952
_d1952